Music Quiz

Random Music Quiz

My Chemical Romance Music Video by Picture Quiz Stats

 Plays Quiz not verified by Sporcle

Also try: Not My Album Chain
Challenge
Share
Tweet
Score 0/15 Timer 10:00
0 Plays Today
% Correct
Welcome to the Black Parade
99.2%
I'm Not Okay (I Promise)
89.9%
I Don't Love You
88.2%
Helena
88%
Na Na Na (Na Na Na Na Na Na Na Na Na Na)
86.8%
Teenagers
83.7%
Famous Last Words
83.2%
Blood
72.5%
% Correct
Planetary (Go!)
69.6%
Vampires Will Never Hurt You
64.4%
Fake Your Death
51.5%
Honey, This Mirror Isn't Big Enough For the Two of Us
48.6%
Sing
48%
The Ghost of You
46.8%
The Kids From Yesterday
45.5%

You're not logged in!

Compare scores with friends on all Sporcle quizzes.
Join for Free
OR
Log In

You Might Also Like...

Show Comments

Extras

Top Quizzes Today


Score Distribution

Your Account Isn't Verified!

In order to create a playlist on Sporcle, you need to verify the email address you used during registration. Go to your Sporcle Settings to finish the process.

Report this User

Report this user for behavior that violates our Community Guidelines.

Details: